| 000 | 00468nam a2200181Ia 4500 | ||
|---|---|---|---|
| 005 | 20251020182552.0 | ||
| 008 | 200515s9999 xx 000 0 und d | ||
| 082 | _aR/35.001.4/I59 | ||
| 110 | _aInstituto Nacional de Administración Pública | ||
| 245 | 0 | _aTerminología básica de la Administración Pública | |
| 260 | _aLima | ||
| 260 | _c1987 | ||
| 300 | _a267 | ||
| 650 | _aADMINISTRACION PUBLICA | ||
| 650 | _aLIB | ||
| 650 | _aTERMINOLOGIA | ||
| 942 | _cLIB | ||
| 999 |
_c2745 _d2745 |
||